Panchayat Raj administration: Old controls and new challenges (Record no. 24402)

MARC details
000 -LEADER
fixed length control field 00359nam a2200133Ia 4500
082 ## - DEWEY DECIMAL CLASSIFICATION NUMBER
Classification number 352
Item number NAR
100 ## - MAIN ENTRY--AUTHOR NAME
Personal name NARAIN, Iqbal
245 #0 - TITLE STATEMENT
Title Panchayat Raj administration: Old controls and new challenges
260 ## - PUBLICATION, DISTRIBUTION, ETC. (IMPRINT)
Place of publication New Delhi
Name of publisher IIPA
Year of publication 1970
650 ## - SUBJECT ADDED ENTRY--TOPICAL TERM
Topical Term Administration
650 ## - SUBJECT ADDED ENTRY--TOPICAL TERM
Topical Term Panchayat Raj
942 ## - ADDED ENTRY ELEMENTS (KOHA)
Koha item type Books
Holdings
Withdrawn status Lost status Damaged status Not for loan Home library Current library Date acquired Full call number Accession Number Koha item type
        RRII Library RRII Library 16/12/2021 352 NAR 05084 Books